000 00441nam a2200181Ia 4500
001 13747
005 20260306164824.0
008 260306t2018||||xx |||||||||||||| ||spa||
041 _aESP
082 _a005.133C2
_bV28
100 _aVandevoorde, David
_eAUT
245 0 _aC++ templates:
_bthe complete guide
260 _c2018
300 _axxxiv, 788 páginas :
_c24 cm.
650 _aGEN
654 _aCCC
942 _cLIB
_dJUS
_fJUS
_2ddc
_n
999 _c13747
_d13747